000 00755nam a2200205 a 4500
003 CBULib
005 20240517083921.0
008 100607s2009 ||||||||||||||||| || u
040 _aCBULib
_bEnglish
_cCBULib
_dCBULib
_erda
050 _aGOV.ZAM(02)2009/5A
110 _aGovernment of the Republic of Zambia (GRZ). Ministry of Communications and Transport
245 1 0 _aMinistry of Communications and Transport (MCT) gender policy
_c/United Nations Economic Commission for Europe (UNECE)
260 _aLusaka
_bMinistry of Communication and Transport
_c2009
300 _a19pages
336 _2rdacontent
_aText |
_btxt
337 _2rdamedia
_aUnmediated |
_bn
338 _2rdacarrier
_aVolume
_bnc
650 _aGENDER POLICY--AFRICA
942 _2mc
_c029
999 _c77687
_d77687